[Event "II Open A"]
[Site "Padova ITA"]
[Date "1999.12.11"]
[Round "1"]
[White "Rogulj, Branko"]
[Black "Van Hoolandt, Patrick"]
[Result "1-0"]
[WhiteElo "2427"]
[BlackElo "2050"]
[PlyCount "45"]
[EventDate "1999.12.11"]

1.e4 e5 2.Nf3 Nc6 3.Bb5 Nf6 4.O-O Bc5 5.Nxe5 Nxe5 6.d4 c6 7.dxe5 Nxe4 8.
Bd3 d5 9.exd6 Nf6 10.Bg5 Bxd6 11.Nc3 Be6 12.Qf3 Qc7 13.h3 O-O-O 14.Rfe1 
Qa5 15.Ne4 Bb4 16.Re2 Be7 17.Bd2 Qd5 18.Bc3 Nxe4 19.Bxe4 Qc5 20.Bxg7 Rhg8 
21.Bc3 h5 22.a3 Rg5 23.Bb4 1-0

[Event "II Open A"]
[Site "Padova ITA"]
[Date "1999.12.11"]
[Round "1"]
[White "Rossi, Carlo"]
[Black "Astengo, Marcello"]
[Result "1-0"]
[WhiteElo "2361"]
[BlackElo "2017"]
[PlyCount "87"]
[EventDate "1999.12.11"]

1.g3 d5 2.Bg2 e6 3.c4 c6 4.b3 Nd7 5.Bb2 Ngf6 6.Nf3 Bd6 7.O-O O-O 8.d3 Qe7 
9.Nbd2 Rd8 10.Qc2 b6 11.Rac1 Bb7 12.Nd4 Rac8 13.Qb1 Bb8 14.cxd5 cxd5 15.
Nc4 Ba6 16.Ba3 Nc5 17.Ne3 Be5 18.Bb2 Bxd4 19.Bxd4 e5 20.Bb2 Qe6 21.Qa1 d4 
22.Nc4 Bb7 23.Bxb7 Nxb7 24.Kg2 Nc5 25.Nd2 Qd5+ 26.Nf3 Ng4 27.h3 Nh6 28.
Rfd1 g5 29.Rc4 f5 30.Qc1 Nf7 31.Kg1 g4 32.hxg4 fxg4 33.Ng5 Nd6 34.e4 dxe3 
35.Qxe3 Nxc4 36.bxc4 Qc6 37.Bxe5 Re8 38.d4 Nd7 39.Qf4 Qg6 40.Qxg4 Nxe5 41.
dxe5 h6 42.Rd6 Qg7 43.Qf5 Rc5 44.Ne6 1-0

[Event "II Open A"]
[Site "Padova ITA"]
[Date "1999.12.11"]
[Round "1"]
[White "Rossi, Giampiero"]
[Black "Manca, Federico"]
[Result "0-1"]
[WhiteElo "2020"]
[BlackElo "2373"]
[PlyCount "90"]
[EventDate "1999.12.11"]

1.d4 Nf6 2.c4 c5 3.dxc5 e6 4.Nc3 Bxc5 5.Nf3 d5 6.e3 Nc6 7.a3 a5 8.b3 d4 9.
Na4 Ba7 10.exd4 Nxd4 11.Nxd4 Bxd4 12.Bb2 e5 13.Be2 O-O 14.O-O Bxb2 15.Nxb2
Bf5 16.Bd3 e4 17.Bc2 Qe7 18.Qc1 Qe5 19.h3 Nh5 20.Re1 Rfe8 21.g4 Nf4 22.
gxf5 Nxh3+ 23.Kg2 Nxf2 24.Nd3 Nxd3 25.Bxd3 Qxf5 26.Qe3 Ra6 27.Bf1 Rg6+ 28.
Kh1 Qh5+ 29.Bh3 Rd8 30.Re2 f5 31.Rh2 Qd1+ 32.Qe1 Qxb3 33.Qe2 f4 34.Rf1 e3 
35.Rxf4 Rd2 36.Qf1 Rxh2+ 37.Kxh2 Qxa3 38.Qd1 h6 39.Qd8+ Kh7 40.Rf8 Qb2+ 
41.Kh1 Qb1+ 42.Rf1 Qe4+ 43.Kh2 e2 44.Re1 Qe5+ 45.Kh1 Qg3 0-1

[Event "II Open A"]
[Site "Padova ITA"]
[Date "1999.12.11"]
[Round "1"]
[White "Tomescu, Vlad"]
[Black "Bracaglia, Carlo"]
[Result "1-0"]
[WhiteElo "2453"]
[BlackElo "2134"]
[PlyCount "71"]
[EventDate "1999.12.11"]

1.e4 e5 2.Nc3 Nf6 3.Bc4 Nc6 4.d3 Bc5 5.f4 d6 6.Nf3 a6 7.f5 h6 8.Nd5 Nd4 9.
c3 Nxf3+ 10.Qxf3 c6 11.Nxf6+ Qxf6 12.g4 b5 13.Bb3 Bb7 14.h4 O-O-O 15.g5 
Qe7 16.f6 gxf6 17.gxh6 Kb8 18.Bd2 d5 19.O-O-O Bb6 20.Kb1 Rd6 21.Bc1 Qd7 
22.Rhf1 Qd8 23.exd5 cxd5 24.d4 e4 25.Qh5 Rd7 26.Qf5 Qe8 27.Qxf6 Bd8 28.Qf5
f6 29.Rg1 Rhh7 30.Rg2 Ka7 31.Rdg1 e3 32.Rg8 Qe4+ 33.Qxe4 dxe4 34.Bxe3 f5 
35.Be6 Bc7 36.Bxf5 1-0

[Event "II Open A"]
[Site "Padova ITA"]
[Date "1999.12.11"]
[Round "1"]
[White "Ulibin, Mikhail"]
[Black "Joksic, Sinisa"]
[Result "1-0"]
[WhiteElo "2562"]
[BlackElo "2288"]
[PlyCount "69"]
[EventDate "1999.12.11"]

1.e4 d6 2.d4 Nf6 3.Nc3 g6 4.Bg5 Bg7 5.f4 c6 6.Qd2 O-O 7.Nf3 b5 8.Bd3 Nbd7 
9.e5 b4 10.Ne2 dxe5 11.fxe5 Nd5 12.Bh6 Rb8 13.h4 f6 14.h5 g5 15.Bxg7 Kxg7 
16.e6 N7b6 17.Nxg5 Ba6 18.Bxa6 fxg5 19.Qxg5+ Kh8 20.Bd3 Rf6 21.h6 Qg8 22.
Qg7+ Qxg7 23.hxg7+ Kxg7 24.Rxh7+ Kg8 25.O-O-O Rbf8 26.Ng3 Rxe6 27.Rdh1 Nf6
28.R7h6 Rd6 29.Nf5 Rd7 30.g4 Kf7 31.g5 Ng4 32.g6+ Ke8 33.Ng7+ Kd8 34.Ne6+ 
Ke8 35.Rh8 1-0

[Event "II Open A"]
[Site "Padova ITA"]
[Date "1999.12.12"]
[Round "2"]
[White "Astengo, Marcello"]
[Black "Caruso, Augusto"]
[Result "0-1"]
[WhiteElo "2017"]
[BlackElo "2219"]
[PlyCount "64"]
[EventDate "1999.12.11"]

1.d4 e6 2.Nf3 f5 3.Bf4 d6 4.Nbd2 Nf6 5.e3 Be7 6.Bd3 Nbd7 7.Ng5 Nf8 8.e4 h6
9.Nh3 g5 10.e5 Nd5 11.Bb5+ Kf7 12.Qh5+ Ng6 13.Be3 Kg7 14.Nb3 g4 15.O-O-O 
Nxe3 16.fxe3 Bg5 17.Rde1 gxh3 18.gxh3 dxe5 19.Rhg1 exd4 20.h4 dxe3 21.hxg5
hxg5 22.Qf3 Qd5 23.Qxd5 exd5 24.Rxg5 Kf6 25.Reg1 Nf4 26.Nd4 c5 27.Nf3 a6 
28.Bd3 c4 29.Bf1 Be6 30.Rg7 e2 31.Rxb7 Rxh2 32.Rb6 Rf2 0-1

[Event "II Open A"]
[Site "Padova ITA"]
[Date "1999.12.12"]
[Round "2"]
[White "Colovic, Aleksandar"]
[Black "Bracaglia, Carlo"]
[Result "1-0"]
[WhiteElo "2423"]
[BlackElo "2134"]
[PlyCount "61"]
[EventDate "1999.12.11"]

1.e4 e5 2.Nf3 Nc6 3.Bb5 a6 4.Ba4 Nf6 5.O-O Nxe4 6.d4 b5 7.Bb3 d5 8.dxe5 
Be6 9.Qe2 Nc5 10.Rd1 Nxb3 11.axb3 Bc5 12.Be3 Bxe3 13.Qxe3 O-O 14.Nd4 Nxd4 
15.Qxd4 c5 16.Qxc5 Rc8 17.Qd4 Rxc2 18.Rxa6 Qg5 19.h4 Qh5 20.Re1 Rfc8 21.
Nc3 b4 22.Qxb4 Rxb2 23.Rd6 Qf5 24.Qd4 Rxb3 25.Nxd5 Bxd5 26.Rxd5 h6 27.e6 
Qf6 28.exf7+ Qxf7 29.Rd7 Rc4 30.Qd6 Qf4 31.Qg6 1-0

[Event "II Open A"]
[Site "Padova ITA"]
[Date "1999.12.12"]
[Round "2"]
[White "Danieli, Enrico"]
[Black "Tomescu, Vlad"]
[Result "0-1"]
[WhiteElo "2039"]
[BlackElo "2453"]
[PlyCount "69"]
[EventDate "1999.12.11"]

1.d4 Nf6 2.Nf3 b5 3.e3 a6 4.Bd3 Bb7 5.O-O e6 6.Nbd2 c5 7.c3 d6 8.Qe2 Nbd7 
9.e4 Qc7 10.Re1 e5 11.Nf1 Be7 12.Ng3 g6 13.Bd2 O-O 14.Bg5 Rfe8 15.d5 Kg7 
16.Nh4 Nxd5 17.Nhf5+ Kh8 18.Nxe7 Nxe7 19.Qg4 f6 20.Bd2 Ng8 21.a4 c4 22.Bc2
Nc5 23.h4 Bc6 24.h5 Bd7 25.Qh4 g5 26.Qh2 Nh6 27.Nf5 Nxf5 28.exf5 Nxa4 29.
Bxa4 bxa4 30.g4 Rab8 31.Bc1 Rb3 32.h6 Reb8 33.Qg3 Bc6 34.Qe3 Ba8 35.f3 0-1

[Event "II Open A"]
[Site "Padova ITA"]
[Date "1999.12.12"]
[Round "2"]
[White "De Santis, Alessio"]
[Black "Godena, Michele"]
[Result "0-1"]
[WhiteElo "2352"]
[BlackElo "2490"]
[PlyCount "78"]
[EventDate "1999.12.11"]

1.d4 d6 2.c4 e5 3.dxe5 dxe5 4.Qxd8+ Kxd8 5.Nc3 Be6 6.b3 f6 7.Bb2 c6 8.e3 
Nh6 9.Nf3 Be7 10.h3 Nf7 11.Be2 a5 12.Nd2 Na6 13.g4 Kc7 14.O-O-O Rhe8 15.
Nde4 Nd6 16.Nxd6 Bxd6 17.Rd2 Bb4 18.a3 Bxc3 19.Bxc3 Nc5 20.Rb2 b5 21.cxb5 
Bxb3 22.Kb1 cxb5 23.Rc1 Kb6 24.Bb4 axb4 25.axb4 Ne4 26.Rxb3 Nd2+ 27.Kb2 
Nxb3 28.Kxb3 Rec8 29.Rg1 Rd8 30.Bf3 Rd3+ 31.Kc2 Rad8 32.Be4 Rd2+ 33.Kc3 
Rxf2 34.Bxh7 Rf3 35.Re1 Rxh3 36.Bf5 Rg3 37.Kc2 Rg2+ 38.Kc3 Rgd2 39.Kb3 Ra8
0-1

[Event "II Open A"]
[Site "Padova ITA"]
[Date "1999.12.12"]
[Round "2"]
[White "Dervishi, Erald"]
[Black "Cacco, Christian"]
[Result "1-0"]
[WhiteElo "2496"]
[BlackElo "2292"]
[PlyCount "79"]
[EventDate "1999.12.11"]

1.e4 c5 2.Nf3 Nc6 3.d4 cxd4 4.Nxd4 Nf6 5.Nc3 e5 6.Ndb5 d6 7.Bg5 a6 8.Na3 
b5 9.Nd5 Be7 10.Bxf6 Bxf6 11.c3 O-O 12.Nc2 Bg5 13.a4 bxa4 14.Rxa4 a5 15.
Bc4 Bb7 16.O-O Nb8 17.b4 Nd7 18.Qd3 axb4 19.Rxa8 Bxa8 20.cxb4 Nb6 21.Nxb6 
Qxb6 22.Ra1 Qc7 23.g3 g6 24.h4 Bd2 25.b5 Ba5 26.Ne3 Bb6 27.Nd5 Bxd5 28.
Bxd5 Kg7 29.Ra2 f5 30.exf5 Rxf5 31.Kg2 Qc5 32.Bf3 Qc7 33.Qd5 Rf8 34.Qc6 
Qxc6 35.bxc6 Rf7 36.Bd5 Rc7 37.Ra8 Kf6 38.f3 Rg7 39.g4 Re7 40.g5+ 1-0

[Event "II Open A"]
[Site "Padova ITA"]
[Date "1999.12.12"]
[Round "2"]
[White "Efimov, Igor"]
[Black "Ulibin, Mikhail"]
[Result "1/2-1/2"]
[WhiteElo "2445"]
[BlackElo "2562"]
[PlyCount "22"]
[EventDate "1999.12.11"]

1.e4 e6 2.d4 d5 3.exd5 exd5 4.Nf3 Nf6 5.Bd3 Be7 6.O-O O-O 7.h3 c5 8.dxc5 
Bxc5 9.Bg5 h6 10.Bf4 Nc6 11.Nbd2 Re8 1/2-1/2

[Event "II Open A"]
[Site "Padova ITA"]
[Date "1999.12.12"]
[Round "2"]
[White "Genocchio, Daniele"]
[Black "Artizzu, Giulio"]
[Result "1/2-1/2"]
[WhiteElo "2291"]
[BlackElo "1825"]
[PlyCount "48"]
[EventDate "1999.12.11"]

1.d4 Nf6 2.c4 c5 3.d5 e6 4.Nc3 exd5 5.cxd5 d6 6.Nf3 g6 7.Bg5 Bg7 8.Nd2 h6 
9.Bh4 Nbd7 10.Nc4 O-O 11.e4 Nb6 12.Ne3 Re8 13.Bd3 Nbd7 14.O-O Ne5 15.f4 
Nxd3 16.Qxd3 b5 17.Nxb5 Qb6 18.Nxd6 Qxd6 19.e5 Qa6 20.Qc2 Nd7 21.Kh1 g5 
22.fxg5 Nxe5 23.Nf5 Bxf5 24.Qxf5 Qg6 1/2-1/2

[Event "II Open A"]
[Site "Padova ITA"]
[Date "1999.12.12"]
[Round "2"]
[White "Giacomini, Massimo"]
[Black "Lacrosse, Marc"]
[Result "0-1"]
[WhiteElo "1932"]
[BlackElo "2218"]
[PlyCount "72"]
[EventDate "1999.12.11"]

1.d4 d5 2.Nf3 Nf6 3.Bg5 Ne4 4.Bh4 c5 5.c3 Qb6 6.Qb3 c4 7.Qxb6 axb6 8.Nbd2 
Bf5 9.Nxe4 Bxe4 10.Nd2 Bg6 11.e4 e6 12.Be2 f6 13.O-O Bd6 14.exd5 exd5 15.
Bf3 Bf7 16.Rfe1+ Kd7 17.Bg3 b5 18.b3 Nc6 19.Bg4+ Kc7 20.Be6 Bxe6 21.Rxe6 
Bxg3 22.hxg3 Ra6 23.bxc4 bxc4 24.a3 Rha8 25.Nb1 b5 26.Ra2 b4 27.cxb4 Nxb4 
28.Rxa6 Rxa6 29.Re2 Nc6 30.Rd2 Rb6 31.Nc3 Kd6 32.a4 Rb3 33.Nb5+ Rxb5 34.
axb5 c3 35.Rd1 Nxd4 36.Kf1 Nb3 0-1

[Event "II Open A"]
[Site "Padova ITA"]
[Date "1999.12.12"]
[Round "2"]
[White "Gleizerov, Evgeny"]
[Black "Rossi, Carlo"]
[Result "1-0"]
[WhiteElo "2520"]
[BlackElo "2361"]
[PlyCount "63"]
[EventDate "1999.12.11"]

1.d4 Nf6 2.c4 Nc6 3.Nf3 d6 4.Nc3 g6 5.d5 Nb8 6.e4 Bg7 7.Be2 O-O 8.O-O e6 
9.dxe6 Bxe6 10.Nd4 Nc6 11.Be3 Nd7 12.Rc1 Nxd4 13.Bxd4 Bh6 14.f4 c5 15.Be3 
Ne5 16.Nb5 Qh4 17.Qxd6 Bg4 18.Qxe5 Bxe2 19.Rf2 Rfe8 20.Qd5 Rad8 21.Nd6 Re6
22.e5 Bg4 23.Bxc5 b6 24.Bb4 a5 25.Ba3 Re7 26.g3 Qh5 27.Ne4 Rxd5 28.Nf6+ 
Kh8 29.Nxh5 Rc7 30.Nf6 Be6 31.Nxd5 Bxd5 32.Rd1 1-0

[Event "II Open A"]
[Site "Padova ITA"]
[Date "1999.12.12"]
[Round "2"]
[White "Joksic, Sinisa"]
[Black "Bianchi, Andrea"]
[Result "1-0"]
[WhiteElo "2288"]
[BlackElo "2121"]
[PlyCount "117"]
[EventDate "1999.12.11"]

1.d4 d5 2.Nf3 e6 3.c4 Nf6 4.Nc3 Be7 5.Bg5 h6 6.Bh4 O-O 7.e3 b6 8.Bd3 Bb7 
9.O-O Nbd7 10.Rc1 c5 11.Qe2 dxc4 12.Bxc4 Ne4 13.Nxe4 Bxe4 14.Bg3 Qc8 15.
dxc5 bxc5 16.Nd2 Bb7 17.Rfd1 Nb6 18.Bd3 a5 19.Nb3 Rd8 20.Bb1 Rxd1+ 21.Qxd1
Qd7 22.Qc2 f5 23.f3 a4 24.Nd2 Ba6 25.Be5 Rd8 26.Nf1 Bd3 27.Qxd3 Qxd3 28.
Bxd3 Rxd3 29.Kf2 Rd5 30.Bc7 Nd7 31.Ke2 Bf6 32.Rc2 Be5 33.Bxe5 Nxe5 34.Nd2 
Nd3 35.a3 f4 36.e4 Rd4 37.Nc4 Kf7 38.Nb6 Ke7 39.Nxa4 Rxa4 40.Kxd3 Kd6 41.
Rc4 Ra5 42.a4 h5 43.h4 g6 44.b3 Ke5 45.Rc2 Kf6 46.Kc4 g5 47.hxg5+ Kxg5 48.
Rd2 Kh4 49.Rd8 Kg3 50.Rg8+ Kf2 51.b4 Rxa4 52.Kxc5 h4 53.b5 h3 54.gxh3 Kxf3
55.b6 Ra1 56.b7 Rb1 57.b8=Q Rxb8 58.Rxb8 Kxe4 59.Kd6 1-0

[Event "II Open A"]
[Site "Padova ITA"]
[Date "1999.12.12"]
[Round "2"]
[White "Manca, Federico"]
[Black "Ortega, Lexy"]
[Result "0-1"]
[WhiteElo "2373"]
[BlackElo "2499"]
[PlyCount "100"]
[EventDate "1999.12.11"]

1.e4 c5 2.Nf3 d6 3.d4 cxd4 4.Nxd4 Nf6 5.Nc3 a6 6.h3 e6 7.g4 b5 8.g5 Nfd7 
9.Be3 Bb7 10.Bg2 Nc6 11.h4 Be7 12.Rh3 O-O 13.Rg3 Rc8 14.Nce2 Nc5 15.f3 Ne5
16.b3 Re8 17.Kf2 Ned7 18.Qd2 d5 19.exd5 Bd6 20.Rh3 Bxd5 21.h5 Bf8 22.Rah1 
e5 23.Nf5 Be6 24.Neg3 Nb6 25.Qe2 Nd5 26.g6 Nf4 27.h6 Nxh3+ 28.Bxh3 fxg6 
29.hxg7 Bxg7 30.Nxg7 Kxg7 31.Bh6+ Kg8 32.Qxe5 Qc7 33.Qxc7 Rxc7 34.Re1 Kf7 
35.Bg2 Bf5 36.Nxf5 gxf5 37.Rd1 Rd7 38.Rh1 Rde7 39.Bf1 Kg6 40.Bf4 Ne6 41.
Be5 Ng5 42.f4 Ne4+ 43.Ke3 Nf6 44.Rg1+ Ng4+ 45.Kf3 Kf7 46.Rxg4 fxg4+ 47.
Kxg4 Rxe5 48.fxe5 Rxe5 49.c4 b4 50.Kf4 Kf6 0-1

[Event "II Open A"]
[Site "Padova ITA"]
[Date "1999.12.12"]
[Round "2"]
[White "Mrdja, Milan"]
[Black "Diotallevi, Maurizio"]
[Result "1-0"]
[WhiteElo "2425"]
[BlackElo "1909"]
[PlyCount "141"]
[EventDate "1999.12.11"]

1.e4 e6 2.d4 d5 3.Nc3 Bb4 4.e5 c5 5.a3 Bxc3+ 6.bxc3 Ne7 7.Nf3 Nbc6 8.a4 
Qa5 9.Bd2 Bd7 10.Bb5 Qc7 11.O-O O-O 12.Re1 b6 13.Bd3 h6 14.Qc1 c4 15.Bf1 
f6 16.Bf4 Ng6 17.Bg3 f5 18.h3 Be8 19.Bh2 Qe7 20.Kh1 Kh7 21.Be2 Rg8 22.Ng1 
Nh8 23.f4 Bg6 24.Bf3 Nf7 25.Ne2 Nfd8 26.Ng3 Qe8 27.Nf1 Nb7 28.Ne3 Ne7 29.
Nxc4 Qc6 30.Qa3 Rge8 31.Nd2 Na5 32.Re3 Rac8 33.Rb1 Qd7 34.Bg3 Nc4 35.Nxc4 
dxc4 36.a5 bxa5 37.Qxa5 Rc7 38.Rb5 Bf7 39.Re1 Rec8 40.Reb1 Nd5 41.Bxd5 
exd5 42.Bf2 Be6 43.Be3 Qf7 44.Bc1 Rd7 45.Ba3 Rcc7 46.Qa6 Rd8 47.Bd6 Rcd7 
48.Kh2 Kh8 49.Rc5 Re8 50.Rc6 Kh7 51.Rc5 Kh8 52.Qc6 Kh7 53.Rbb5 h5 54.Rxd5 
Bxd5 55.Qxd5 Qg6 56.Qf3 Rc8 57.Ra5 Qe8 58.Bb4 g6 59.d5 Rg7 60.h4 Rb8 61.
Qf2 Rb5 62.Qd4 Rxa5 63.Bxa5 Qb5 64.Bb4 a5 65.Ba3 Qa4 66.Bc5 Qxc2 67.e6 Rb7
68.e7 Qe2 69.d6 Qg4 70.Qf2 Rb2 71.e8=Q 1-0

[Event "II Open A"]
[Site "Padova ITA"]
[Date "1999.12.12"]
[Round "2"]
[White "Naumkin, Igor"]
[Black "Chilingirova, Pavlina"]
[Result "1-0"]
[WhiteElo "2489"]
[BlackElo "2227"]
[PlyCount "91"]
[EventDate "1999.12.11"]

1.d4 d6 2.Nf3 Bg4 3.c4 Bxf3 4.exf3 e6 5.Qb3 Qc8 6.Nc3 g6 7.d5 Nd7 8.dxe6 
fxe6 9.f4 Bg7 10.g3 Ne7 11.Bg2 Nc5 12.Qc2 Nf5 13.O-O a5 14.Re1 O-O 15.Ne4 
Nd4 16.Qd1 Nxe4 17.Bxe4 c6 18.Bg2 Qd7 19.h4 h5 20.Qd3 Nf5 21.Rb1 a4 22.Bd2
Rfe8 23.Bh3 d5 24.Bc3 Bxc3 25.bxc3 Qf7 26.Re5 Rad8 27.Rbe1 Re7 28.Qd1 Ra8 
29.Qe2 Rae8 30.Qd1 dxc4 31.Qxa4 b5 32.Qa6 Rc7 33.Bg2 Qd7 34.a4 b4 35.cxb4 
c3 36.Qc4 Qd2 37.R5e2 Qd4 38.Re4 Qd2 39.Rxe6 Rxe6 40.Rxe6 Kh7 41.Be4 Nd4 
42.Re8 Rg7 43.Qc5 Qd1+ 44.Kg2 c2 45.Qf8 Kh6 46.Re7 1-0

[Event "II Open A"]
[Site "Padova ITA"]
[Date "1999.12.12"]
[Round "2"]
[White "Petrov, Marijan"]
[Black "Chatalbashev, Boris"]
[Result "0-1"]
[WhiteElo "2386"]
[BlackElo "2524"]
[PlyCount "70"]
[EventDate "1999.12.11"]

1.e4 c5 2.c3 Nf6 3.e5 Nd5 4.d4 cxd4 5.Nf3 Nc6 6.Bc4 Nb6 7.Bb3 d6 8.exd6 
Qxd6 9.O-O Be6 10.Na3 dxc3 11.Nb5 Qxd1 12.Rxd1 Rc8 13.Bxe6 fxe6 14.Nxc3 h6
15.Ne4 g5 16.Nc5 Nd8 17.Be3 Bg7 18.h4 g4 19.Nh2 Nc4 20.Rac1 Nxe3 21.fxe3 
Bxb2 22.Rc2 g3 23.Nf1 Be5 24.Rcd2 Rg8 25.Nb3 Rg4 26.h5 Rg5 27.Rd3 Rxh5 28.
e4 Rg5 29.Nfd2 Bc7 30.Nf3 Bb6+ 31.Kf1 Rg4 32.e5 Rc2 33.R1d2 Rxd2 34.Rxd2 
Nc6 35.Re2 h5 0-1

[Event "II Open A"]
[Site "Padova ITA"]
[Date "1999.12.12"]
[Round "2"]
[White "Popa, Florin"]
[Black "Di Lazzaro, Gabriele"]
[Result "0-1"]
[WhiteElo "2213"]
[BlackElo "2015"]
[PlyCount "77"]
[EventDate "1999.12.11"]

1.e4 c5 2.c3 e6 3.d4 cxd4 4.cxd4 d5 5.e5 Nc6 6.Be3 Qb6 7.Qd2 Bd7 8.Nc3 
Nge7 9.Nf3 Nf5 10.g4 Nxe3 11.fxe3 Be7 12.Bd3 Nb4 13.Be2 f6 14.O-O Nc6 15.
Na4 Qb4 16.Qxb4 Nxb4 17.Bd1 Bb5 18.exf6 gxf6 19.Rf2 Rc8 20.a3 Nc6 21.Rc1 
b6 22.Nc3 Na5 23.b4 Nb7 24.Nd2 Bd7 25.Ne2 O-O 26.Rxc8 Rxc8 27.Bb3 Nd6 28.
h4 b5 29.Kg2 Nc4 30.Nxc4 bxc4 31.Bc2 Kg7 32.Nc3 Rf8 33.Kg3 Bd6+ 34.Kg2 Be7
35.Kg1 a6 36.Kg2 Bd6 37.g5 f5 38.Ne2 Be8 39.Nf4 0-1

[Event "II Open A"]
[Site "Padova ITA"]
[Date "1999.12.12"]
[Round "2"]
[White "Rossato, Armando"]
[Black "Rossi, Giampiero"]
[Result "0-1"]
[WhiteElo "2219"]
[BlackElo "2020"]
[PlyCount "92"]
[EventDate "1999.12.11"]

1.c4 e6 2.Nf3 d5 3.b3 Nf6 4.Bb2 Be7 5.g3 Nbd7 6.Bg2 O-O 7.O-O c6 8.d3 b6 
9.e3 Bb7 10.Qe2 Rc8 11.Nc3 Qc7 12.Rac1 Qb8 13.d4 Rfd8 14.Rfd1 Qa8 15.Ne5 
Nxe5 16.dxe5 Nd7 17.f4 dxc4 18.bxc4 Nf8 19.Ne4 c5 20.Qc2 Bxe4 21.Bxe4 Qb8 
22.g4 Rxd1+ 23.Rxd1 Rd8 24.a4 Rxd1+ 25.Qxd1 Qd8 26.Qxd8 Bxd8 27.f5 Nd7 28.
Bc6 Nb8 29.Bb7 Kf8 30.Kf2 Bc7 31.Kf3 Ke7 32.Ke4 Kd7 33.Ba3 Nc6 34.Bxc6+ 
Kxc6 35.h4 a6 36.g5 g6 37.fxg6 fxg6 38.Bb2 b5 39.axb5+ axb5 40.Bc3 bxc4 
41.Kf3 Kb5 42.Ke2 Ba5 43.Kd2 Bb4 44.Kc2 Kc6 45.e4 Bxc3 46.Kxc3 Kb5 0-1

[Event "II Open A"]
[Site "Padova ITA"]
[Date "1999.12.12"]
[Round "2"]
[White "Timoscenko, Gennadij A."]
[Black "Rogulj, Branko"]
[Result "1-0"]
[WhiteElo "2536"]
[BlackElo "2427"]
[PlyCount "97"]
[EventDate "1999.12.11"]

1.d4 Nf6 2.c4 g6 3.Nc3 d5 4.cxd5 Nxd5 5.Bd2 Nb6 6.Bg5 Bg7 7.e3 O-O 8.Nf3 
a5 9.Rc1 a4 10.a3 Be6 11.Ne4 N8d7 12.Bd3 c6 13.O-O h6 14.Bh4 f5 15.Nc5 
Nxc5 16.Rxc5 Nd7 17.Rc1 Bd5 18.Qe2 Bxf3 19.Qxf3 g5 20.Bg3 e6 21.Bd6 Rf7 
22.Rfd1 Nf6 23.Be5 Nd5 24.e4 fxe4 25.Qxe4 Bxe5 26.dxe5 Rg7 27.Rc4 Qb6 28.
Rxa4 Rf8 29.Qe2 Nf4 30.Qc2 Rd7 31.Rb4 Qa7 32.Bc4 Rxd1+ 33.Qxd1 Nd5 34.Qc2 
Kg7 35.Bxd5 exd5 36.h4 c5 37.Rb5 b6 38.hxg5 hxg5 39.Qd2 Qe7 40.Rxb6 Qxe5 
41.Rb5 Rh8 42.Rxc5 Qh2+ 43.Kf1 Qh1+ 44.Ke2 Re8+ 45.Kd3 Qxg2 46.Kc2 Rf8 47.
Rxd5 Kh6 48.Rd6+ Kh5 49.Qe2+ 1-0

[Event "II Open A"]
[Site "Padova ITA"]
[Date "1999.12.12"]
[Round "2"]
[White "Van Hoolandt, Patrick"]
[Black "De Bortoli, Peter"]
[Result "1-0"]
[WhiteElo "2050"]
[BlackElo "2225"]
[PlyCount "73"]
[EventDate "1999.12.11"]

1.c4 e5 2.Nc3 Nf6 3.Nf3 Nc6 4.g3 Bc5 5.d3 h6 6.Bg2 d6 7.O-O g5 8.Nd5 g4 9.
Ng5 Nxd5 10.cxd5 hxg5 11.dxc6 b5 12.Be3 Bxe3 13.fxe3 f5 14.Bd5 Qf6 15.Rf2 
Ke7 16.Qb3 Rb8 17.Raf1 a5 18.a4 b4 19.Qc4 Qh6 20.b3 Rb6 21.Bg8 Be6 22.Bxe6
Qxe6 23.Rxf5 Qxc4 24.dxc4 Rxc6 25.Rxg5 Rc5 26.e4 Rf8 27.Rg7+ Ke8 28.Rxf8+ 
Kxf8 29.Rxg4 c6 30.h4 d5 31.exd5 cxd5 32.cxd5 Rc3 33.h5 Rxb3 34.h6 Rb1+ 
35.Kg2 Rb2 36.h7 Rxe2+ 37.Kh3 1-0

[Event "II Open A"]
[Site "Padova ITA"]
[Date "1999.12.12"]
[Round "2"]
[White "Zinani, Alessandro"]
[Black "Ravagnani, Tiziano"]
[Result "1-0"]
[WhiteElo "2222"]
[BlackElo "2025"]
[PlyCount "75"]
[EventDate "1999.12.11"]

1.d4 Nf6 2.Nf3 g6 3.Bg5 Ne4 4.Bf4 Bg7 5.Nbd2 d5 6.e3 c5 7.c3 cxd4 8.exd4 
Nc6 9.Nxe4 dxe4 10.Nd2 O-O 11.Nxe4 Qa5 12.Nd2 Re8 13.Be2 e5 14.dxe5 Bxe5 
15.Be3 Be6 16.O-O Rad8 17.Qc2 Qc7 18.Nf3 Bg4 19.h3 Bf5 20.Qa4 Bg3 21.Bb5 
Re4 22.b4 Rxe3 23.fxe3 Qe7 24.Bxc6 Qxe3+ 25.Kh1 bxc6 26.Qxc6 Be4 27.Qc5 
Qe2 28.Qg5 Bc7 29.Rae1 Qd3 30.Qe3 f5 31.Qxd3 Rxd3 32.c4 Ra3 33.Rd1 Rxa2 
34.Rd7 Bg3 35.Rfd1 Rb2 36.b5 Rc2 37.Rxa7 Rxc4 38.Rd8# 1-0

[Event "II Open A"]
[Site "Padova ITA"]
[Date "1999.12.13"]
[Round "3"]
[White "Artizzu, Giulio"]
[Black "Manca, Federico"]
[Result "0-1"]
[WhiteElo "1825"]
[BlackElo "2373"]
[PlyCount "74"]
[EventDate "1999.12.11"]

1.e4 c5 2.Nf3 Nc6 3.d4 cxd4 4.Nxd4 g6 5.c4 Bg7 6.Be3 Nf6 7.Nc3 O-O 8.Be2 
d6 9.O-O Bd7 10.Qd2 Nxd4 11.Bxd4 Bc6 12.f3 a5 13.b3 Nd7 14.Bxg7 Kxg7 15.
Qd4+ f6 16.f4 Qb6 17.Qxb6 Nxb6 18.a3 Rfc8 19.Rfc1 Rc7 20.b4 axb4 21.axb4 
Rac8 22.Ra7 f5 23.exf5 gxf5 24.Kf2 Nxc4 25.Bxc4 Be4 26.Nxe4 fxe4 27.Ke3 
Rxc4 28.Rxc4 Rxc4 29.Rxb7 Kf6 30.b5 d5 31.b6 Rc3+ 32.Kd2 Rb3 33.g3 e3+ 34.
Ke2 d4 35.Rb8 Rb2+ 36.Kf1 d3 37.b7 e2+ 0-1

[Event "II Open A"]
[Site "Padova ITA"]
[Date "1999.12.13"]
[Round "3"]
[White "Bracaglia, Carlo"]
[Black "Giacomini, Massimo"]
[Result "1/2-1/2"]
[WhiteElo "2134"]
[BlackElo "1932"]
[PlyCount "118"]
[EventDate "1999.12.11"]

1.e4 c5 2.Nf3 d6 3.d4 cxd4 4.Nxd4 Nf6 5.Nc3 a6 6.Bc4 e6 7.Bb3 Qc7 8.O-O 
Nc6 9.Be3 Be7 10.Qe2 O-O 11.f4 Nxd4 12.Bxd4 e5 13.Be3 Bg4 14.Qf2 exf4 15.
Bxf4 Be6 16.Rad1 Rad8 17.h3 Nd7 18.Qg3 Ne5 19.Nd5 Bxd5 20.Rxd5 Ng6 21.Rf5 
Bh4 22.Qf3 Rd7 23.Kh1 Ne5 24.Bxe5 dxe5 25.Qg4 Bd8 26.Qg3 g6 27.R5f3 Kg7 
28.Qf2 f6 29.h4 Be7 30.h5 g5 31.Rc3 Qd8 32.Bd5 f5 33.Qg3 f4 34.Qg4 b5 35.
a3 Rd6 36.Rd1 Qe8 37.Rdd3 Kh6 38.Rh3 Qd8 39.Qe2 Qd7 40.Kg1 g4 41.Rhd3 f3 
42.gxf3 Rdf6 43.Qe3+ Kg7 44.Qg5+ Kh8 45.Qxe5 gxf3 46.Rxf3 Qg4+ 47.Kf1 Bd6 
48.Rxf6 Qd1+ 49.Kg2 Bxe5 50.Rxf8+ Kg7 51.Rg8+ Kf6 52.Rc6+ Ke7 53.Re6+ Kd7 
54.Rxe5 Qe2+ 55.Kh3 Qf3+ 56.Rg3 Qf1+ 57.Kg4 Qe2+ 58.Kh3 Qf1+ 59.Kg4 Qe2+ 
1/2-1/2

[Event "II Open A"]
[Site "Padova ITA"]
[Date "1999.12.13"]
[Round "3"]
[White "Cacco, Christian"]
[Black "Van Hoolandt, Patrick"]
[Result "1-0"]
[WhiteElo "2292"]
[BlackElo "2050"]
[PlyCount "61"]
[EventDate "1999.12.11"]

1.d4 Nf6 2.Nf3 e6 3.Bg5 c5 4.e3 Be7 5.Nbd2 b6 6.Bd3 Bb7 7.O-O O-O 8.c3 
cxd4 9.exd4 Nc6 10.Qe2 Nd5 11.Bxe7 Ncxe7 12.g3 Rc8 13.a4 a5 14.Rfe1 Ng6 
15.h4 Re8 16.Ng5 f5 17.Ndf3 Qf6 18.Ne5 Nxe5 19.dxe5 Qe7 20.Nf3 g6 21.Rad1 
Rf8 22.Ba6 Bxa6 23.Qxa6 f4 24.g4 Qc5 25.Rd4 Qc6 26.Qe2 Rf7 27.Qe4 Ne7 28.
Ng5 Qxe4 29.Rexe4 Rff8 30.Rxd7 Rce8 31.Nxe6 1-0

[Event "II Open A"]
[Site "Padova ITA"]
[Date "1999.12.13"]
[Round "3"]
[White "Chatalbashev, Boris"]
[Black "Dervishi, Erald"]
[Result "1-0"]
[WhiteElo "2524"]
[BlackElo "2496"]
[PlyCount "89"]
[EventDate "1999.12.11"]

1.d4 Nf6 2.c4 e6 3.Nc3 d5 4.cxd5 exd5 5.Bg5 Be7 6.e3 O-O 7.Bd3 Nbd7 8.Nf3 
Re8 9.O-O c6 10.Qc2 Nf8 11.h3 g6 12.Bh6 Ne6 13.Ne5 Ng7 14.g4 Nd7 15.f4 
Nxe5 16.fxe5 Bg5 17.Bxg5 Qxg5 18.Qf2 Rf8 19.Rae1 Be6 20.Kh2 f5 21.exf6 Ne8
22.Qf4 Qxf6 23.Qg3 Qg7 24.Rxf8+ Qxf8 25.e4 Ng7 26.exd5 cxd5 27.Re2 Re8 28.
Bb5 Rd8 29.Ba4 a6 30.Bb3 b5 31.Rf2 Qd6 32.Qxd6 Rxd6 33.Rf6 Rd8 34.a3 Rd6 
35.Kg3 g5 36.Rh6 Kf7 37.Rxh7 Rd8 38.h4 gxh4+ 39.Rxh4 Kf6 40.Kf4 Ke7 41.Ke5
Kf7 42.Rh6 Re8 43.Rf6+ Kg8 44.Bxd5 Bf7+ 45.Kd6 1-0

[Event "II Open A"]
[Site "Padova ITA"]
[Date "1999.12.13"]
[Round "3"]
[White "Chilingirova, Pavlina"]
[Black "Diotallevi, Maurizio"]
[Result "1-0"]
[WhiteElo "2227"]
[BlackElo "1909"]
[PlyCount "87"]
[EventDate "1999.12.11"]

1.c4 e6 2.Nf3 d5 3.e3 c6 4.b3 Nd7 5.Bb2 f5 6.Qc2 Ngf6 7.Nd4 Nc5 8.cxd5 
cxd5 9.b4 Nce4 10.Bb5+ Kf7 11.a3 Be7 12.O-O Rf8 13.d3 Nd6 14.Ba4 Kg8 15.
Nd2 Bd7 16.Bxd7 Qxd7 17.N2f3 Nf7 18.Nb3 b6 19.Nbd4 Rfc8 20.Qb3 a6 21.a4 
Bd6 22.b5 a5 23.Nc6 Qe8 24.Ba3 Bxa3 25.Qxa3 Kh8 26.Rfc1 Nd7 27.d4 Qf8 28.
Qxf8+ Rxf8 29.Ra2 h6 30.Rac2 Nd6 31.Nfe5 Nxe5 32.Nxe5 Rfe8 33.Rc6 Nc8 34.
h4 Rb8 35.Nd7 Ra8 36.Nxb6 Nxb6 37.Rxb6 e5 38.Rd6 exd4 39.exd4 Re4 40.Rxd5 
Rxh4 41.b6 Rb8 42.Rb1 Rb7 43.Rxa5 Rxd4 44.Ra7 1-0

[Event "II Open A"]
[Site "Padova ITA"]
[Date "1999.12.13"]
[Round "3"]
[White "De Bortoli, Peter"]
[Black "Astengo, Marcello"]
[Result "1-0"]
[WhiteElo "2225"]
[BlackElo "2017"]
[PlyCount "43"]
[EventDate "1999.12.11"]

1.e4 e6 2.Nc3 d5 3.Nf3 Nf6 4.Qe2 Be7 5.d3 O-O 6.Bg5 c5 7.e5 Nfd7 8.h4 Nc6 
9.O-O-O Nd4 10.Nxd4 Bxg5+ 11.hxg5 Qxg5+ 12.Kb1 cxd4 13.Rh5 Qe7 14.Nb5 Qb4 
15.Nd6 Nc5 16.Ka1 a5 17.a3 Qb6 18.Qg4 Na4 19.Rb1 f6 20.Ne8 Rxe8 21.Rxh7 
Re7 22.Qh5 1-0